Effectif du Stade Rennais 2023/2024 - Statistiques

Statistiques générales
  • Ce quiz a été pris 45 fois
  • Le résultat moyen est 18 sur 25
Statistiques - réponses
Poste Numéro Nationalité Joueur % Correct
Gardien 30 France Steve Mandanda
100%
Défenseur 3 France Adrien Truffert
95%
Attaquant 9 France Arnaud Kalimuendo
95%
Attaquant 10 Algérie Amine Gouiri
89%
Milieu 14 France Benjamin Bourigeaud
89%
Attaquant 7 France Martin Terrier
89%
Milieu 33 France Désiré Doué
86%
Gardien 23 France Gauthier Gallon
86%
Défenseur 17 Côte d'ivoire Guela Doué
86%
Défenseur 5 Belgique Arthur Theate
84%
Défenseur 4 Cameroun Christopher Wooh
84%
Attaquant 34 Maroc Ibrahim Salah
84%
Milieu 6 Pays-Bas Azor Matusiwa
73%
Milieu 8 France Baptiste Santamaria
73%
Milieu 11 France Ludovic Blas
73%
Milieu 32 Suisse Fabian Rieder
70%
Défenseur 36 Ghana Alidu Seidu
68%
Défenseur 23 France Warmed Omari
65%
Milieu 28 France Enzo Le Fée
62%
Attaquant 99 Turquie Bertug Yildirim
57%
Gardien 40 Centrafrique Geoffrey Lembet
57%
Défenseur 16 France Jeanuël Belocian
51%
Défenseur 18 Cameroun Mahamadou Nagida
49%
Milieu 38 France Djaoui Cissé
41%
Attaquant 39 France Mathis Lambourde
16%
Aucun quiz correspondant
Distribution des résultats
% des personnes avec chaque résultat
Percentile par nombre de réponses
Votre historique - résultats
Vous n’avez pas pris ce quiz